| 000 | 00792nam a2200229Ia 4500 | ||
|---|---|---|---|
| 001 | 8789 | ||
| 003 | GE_BSU | ||
| 008 | 181216s||||||||xx |||||||||||||| ||und|| | ||
| 040 | _cGE_BSU | ||
| 080 | _a821.353.1–94 | ||
| 100 | _aკლდიაშვილი,დავით | ||
| 245 | _aჩემი ცხოვრების გზაზე. | ||
| 245 | _bმოგონებები | ||
| 245 | _cრედ. ზ.ფირცხალაიშვილი.მხატვ.რედ. რ. ლომაძე | ||
| 260 | _aბათუმი | ||
| 260 | _bსაბჭოთა აჭარა | ||
| 260 | _c1984 | ||
| 300 | _a204გვ.21სმ. | ||
| 653 | _aმოგონებები | ||
| 653 | _aჩემი ცხოვრების გზაზე | ||
| 942 | _cBK | ||
| 999 |
_c42098 _d42098 |
||